Normal view
MARC view
- Negoita, Mircea Gh
Entry Personal Name
001 - CONTROL NUMBER
- control field: 82100
003 - CONTROL NUMBER IDENTIFIER
- control field: NUST
005 - DATE AND TIME OF LATEST TRANSACTION
- control field: 20210903114138.0
008 - FIXED-LENGTH DATA ELEMENTS
- fixed length control field: 210903|| aca||aabn | a|a d
040 ## - CATALOGING SOURCE
- Original cataloging agency: NUST
- Transcribing agency: NUST
100 ## - HEADING--PERSONAL NAME
- Personal name: Negoita, Mircea Gh
670 ## - SOURCE DATA FOUND
- Source citation: Work cat.: (NUST)32926: Negoita, Mircea Gh., Bio-inspired technologies for the hardware of adaptive systems, c2009.
